000 00315nam a2200145Ia 4500
100 _aMaharashtra Civil Services
650 _aGeneral
942 _cBK
654 _aPension Rules.
245 _aPension Rules 1982
260 _bFinancial Pub.
_aBombay
_c1985
300 _a241
546 _aENGLISH
999 _c26411
_d26411